00676nam a2200205Ia 450000100060000000300040000600500170001000800410002704000110006804100080007908200130008710000210010024501530012170000230027470000210029770000260031894200070034499900170035195201020036832914Ost20260507160507.0251113s9999||||xx |||||||||||||| ||eng|| cnitttr aeng aTK5105.5 aGrzenda, Maciej 0aAdvances in Network Systems :b Architectures, Security, and Applications /cGrzenda, Maciej, Awad, Ali Ismail, Furtak, Janusz, Legierski, Jaros?aw a Awad, Ali Ismail a Furtak, Janusz a Legierski, Jaros?aw cBK c32435d32435 00104070aNITTTRbNITTTRd2026-05-07l0oTK5105.5p1342225r2026-05-07 16:05:07w2026-05-07yBK